Normal view
MARC view
Entry Personal Name
001 - CONTROL NUMBER
- control field: 1236337
003 - CONTROL NUMBER IDENTIFIER
- control field: OSt
005 - DATE AND TIME OF LATEST TRANSACTION
- control field: 20260430150047.0
008 - FIXED-LENGTH DATA ELEMENTS
- fixed length control field: 260430|| aca||aabn | a|a d
040 ## - CATALOGING SOURCE
- Original cataloging agency: OSt
- Transcribing agency: OSt
100 ## - HEADING--PERSONAL NAME
- Personal name: Gupta Prachi Au.; Nagpal Sumit Gu.; Ravichandran V. Gu
670 ## - SOURCE DATA FOUND
- Source citation: Work cat.: (OSt)1848849: Gupta Prachi Au.; Nagpal Sumit Gu.; Ravichandran V. Gu., Radius constants and differential subordination for certain subclasses of analytic functions, 2021
